000 00553cam a2200157 4500500
005 20251012022645.0
041 _afre
042 _adc
100 1 0 _aSchoenenburg, Sylvie
_eauthor
700 1 0 _a Puisieux, François
_eauthor
245 0 0 _aLes conséquences psychologiques des chutes chez le sujet âgé
260 _c2025.
500 _a15
786 0 _nLe Journal des psychologues | 415 | 2 | 2025-03-25 | p. 35-40 | 0752-501X
856 4 1 _uhttps://shs.cairn.info/revue-le-journal-des-psychologues-2025-2-page-35?lang=fr&redirect-ssocas=7080
999 _c1540201
_d1540201